Libros y autores clásicos

Tallennettuna:
Bibliografiset tiedot
Päätekijä: Barja, Cesar (Tekijä)
Aineistotyyppi: Kirja
Kieli:espanja
Julkaistu: Brattleboro The Vermont Printing Company 1922
Sarja:The Standard Spanish Series
Aiheet:
Tagit: Lisää tagi
Ei tageja, Lisää ensimmäinen tagi!

MARC

LEADER 00000nam a2200000 a 4500
001 UCW2292
003 CL-VaPUC
008 881011e19220000US |||||||||||||||||spa|d
082 0 4 |a 860.9  |b BAR  |2 21 
100 0 |a Barja, Cesar  |e author  |9 306260 
245 1 0 |a Libros y autores clásicos 
300 |a 543 p 
942 |c BK 
945 |d 19881011 00:00:00 
260 |a Brattleboro  |b The Vermont Printing Company  |c 1922 
650 0 |a Literatura española  |9 306261 
650 0 |a Historia y crítica   |9 257407 
583 |a last modification  |c 20120720 11:36:22  |k Rodrigo Vera 
490 0 |a The Standard Spanish Series 
999 |c 216855  |d 216853 
952 |0 0  |1 0  |4 0  |6 860_900000000000000_BAR_1922  |7 0  |8 A  |9 203223  |a BIBEDU  |b BIBEDU  |d 2019-11-15  |i 2704722  |o 860.9 BAR 1922  |p 2704722  |r 2022-01-17  |w 2019-11-15  |y BK  |k MUS